00816 2200265 4500001002100000005001700021008004100038035002400079040001500103082001900118090002600137100001700163245012900180250001100309260002500320300002900345500003100374500001100405650004400416700002400460850001200484990001800496990001800514990001800532YOGYA-0209000001375520090227022343.0 ind  0010-020900000013755 aYOPDYOG(B) a307.2095981211 a307.2095981211bPel U aPELLY, Usman aUrbanisasi dan adaptasibperanan misi budaya Minangkabau dan MandailingcUsman Pelly ; diterjemahkan oleh Hartono Hadikusumo aCet. 1 aJakartabLP3ESc1994 axv, 349 hlmbilusc22 cm aBibliografi : hlm. 335-343 aIndeks aUrbanisasi - Minangkabau dan Mandailing aHadikusumo, Hartono aYOPDYOG a99556-P/97b1 a99554-P/97b1 a99555-P/97b1